[Event "Wertungspartie, 4m + 0s"]
[Site "Rochade Kuppenheim"]
[Date "2002.06.22"]
[Round "?"]
[White "Kuppenheim 12hB"]
[Black "Luke McShane"]
[Result "0-1"]
[WhiteElo "1350"]
[BlackElo "1850"]
[Annotator "www.Rochade-Kuppenheim.de"]
[PlyCount "92"]
[EventDate "2002.??.??"]

1. c4 {2} 1... e5 {1} 2. g3 {2} 2... Nf6 {2} 3. Bg2 {0} 3... Bc5 {1} 4. Nc3 {2}
4... O-O {2} 5. e3 {1} 5... Nc6 {1} 6. Nge2 {1} 6... a6 {4} 7. O-O {1} 7... d6
{3} 8. Nd5 {3} 8... Ba7 {6} 9. d3 {3} 9... Nxd5 {8} 10. cxd5 {2} 10... Ne7 {1}
11. d4 {6} 11... Bg4 {18} 12. f3 {20} 12... Bh5 {11} 13. g4 {4} 13... Bg6 {5}
14. e4 {5} 14... exd4 {14} 15. Nxd4 {14} 15... c5 {4} 16. dxc6 {1} 16... Nxc6 {
2} 17. Be3 {2} 17... Qf6 {8} 18. Nc2 {14} 18... Qxb2 {18} 19. Bxa7 {2} 19...
Rxa7 {5} 20. Kh1 {5} 20... d5 {8} 21. Ne3 {13} 21... dxe4 {5} 22. f4 {25} 22...
Rd8 {6} 23. Qc1 {19} 23... Qxc1 {2} 24. Raxc1 {2} 24... f6 {4} 25. f5 {4} 25...
Bf7 {1} 26. Bxe4 {0} 26... Bxa2 {4} 27. Bxc6 {6} 27... bxc6 {2} 28. Kg1 {11}
28... Rc8 {5} 29. Rc5 {4} 29... Bf7 {4} 30. Ra1 {2} 30... Be8 {3} 31. Rca5 {25}
31... Rca8 {2} 32. Kf2 {2} 32... h5 {2} 33. h3 {4} 33... Kf8 {11} 34. Nc4 {2}
34... Rd8 {6} 35. Rxa6 {2} 35... Re7 {6} 36. Ra8 {5} 36... Rd4 {3} 37. Ne3 {4}
37... Rf4+ {3} 38. Kg3 {6} 38... Rb4 {6} 39. Ng2 {3} 39... hxg4 {3} 40. hxg4 {1
} 40... Rb3+ {4} 41. Kf4 {3} 41... c5 {4} 42. Nh4 {3} 42... Kf7 {. 7} 43. R1a7
{2} 43... Rb4+ {7} 44. Kf3 {2} 44... Reb7 {8} 45. Rxb7+ {2} 45... Rxb7 {1} 46.
Kf4 {. 1} 46... c4 {Zeit (Lag: Av=0.65s, max=1.4s) 1} 0-1

[Event "Wertungspartie, 4m + 0s"]
[Site "Rochade Kuppenheim"]
[Date "2002.06.22"]
[Round "?"]
[White "Luke McShane"]
[Black "Kuppenheim 12hB"]
[Result "1-0"]
[WhiteElo "1852"]
[BlackElo "1348"]
[Annotator "www.Rochade-Kuppenheim.de"]
[PlyCount "67"]
[EventDate "2002.??.??"]

1. e4 {1} 1... e6 {2} 2. d4 {1} 2... d5 {2} 3. Nd2 {1} 3... Nc6 {3} 4. Ngf3 {3}
4... Nf6 {2} 5. e5 {3} 5... Nd7 {2} 6. Be2 {1} 6... f6 {4} 7. exf6 {5} 7...
Nxf6 {2} 8. Nf1 {9} 8... Bd6 {3} 9. Ng3 {1} 9... O-O {3} 10. O-O {1} 10... e5 {
6} 11. dxe5 {1} 11... Nxe5 {2} 12. Bg5 {3} 12... c6 {11} 13. Re1 {31} 13... h6
{14} 14. Bxf6 {23} 14... Qxf6 {3} 15. c4 {2} 15... Nxf3+ {50} 16. Bxf3 {1}
16... Bxg3 {2} 17. hxg3 {4} 17... dxc4 {2} 18. Qe2 {9} 18... Kh8 {10} 19. Rad1
{21} 19... Bf5 {5} 20. Qxc4 {7} 20... Qxb2 {4} 21. g4 {3} 21... Bh7 {11} 22.
Rd7 {15} 22... Bg8 {2} 23. Qc5 {7} 23... Rae8 {Kuppenheim 12hB bietet Remis 22}
24. Rxe8 {14} 24... Rxe8 {1} 25. Qxa7 {23} 25... Re1+ {16} 26. Kh2 {1} 26...
Qe5+ {2} 27. g3 {1} 27... Qf6 {16} 28. Kg2 {2} 28... Rb1 {13} 29. Rxb7 {3}
29... Rxb7 {4} 30. Qxb7 {1} 30... Bxa2 {4} 31. Qa8+ {2} 31... Bg8 {3} 32. Bxc6
{1} 32... Qe6 {2} 33. Bf3 {2} 33... Qf6 {2} 34. Bd5 {
Kuppenheim 12hB gibt auf (Lag: Av=0.66s, max=1.2s) 2} 1-0

[Event "Wertungspartie, 4m + 0s"]
[Site "Rochade Kuppenheim"]
[Date "2002.06.22"]
[Round "?"]
[White "Kuppenheim 12hB"]
[Black "Luke McShane"]
[Result "0-1"]
[WhiteElo "1346"]
[BlackElo "1854"]
[Annotator "www.Rochade-Kuppenheim.de"]
[PlyCount "92"]
[EventDate "2002.??.??"]

1. e4 {0} 1... c5 {1} 2. d3 {1} 2... Nc6 {2} 3. g3 {1} 3... g6 {1} 4. Bg2 {1}
4... Bg7 {1} 5. Nc3 {0} 5... d6 {5} 6. Be3 {1} 6... Nf6 {1} 7. h3 {1} 7... O-O
{2} 8. Qd2 {2} 8... Rb8 {2} 9. a4 {2} 9... a6 {2} 10. f4 {2} 10... Bd7 {3} 11.
Nf3 {2} 11... b5 {2} 12. axb5 {1} 12... axb5 {1} 13. O-O {0} 13... b4 {2} 14.
Ne2 {1} 14... Ra8 {5} 15. g4 {8} 15... Ne8 {11} 16. c3 {2} 16... Nc7 {2} 17. d4
{11} 17... Na5 {11} 18. Qe1 {42} 18... Nc4 {4} 19. Rxa8 {1} 19... Qxa8 {2} 20.
Bc1 {0} 20... bxc3 {16} 21. bxc3 {2} 21... Bc6 {24} 22. e5 {13} 22... Be4 {10}
23. Qh4 {21} 23... Bxf3 {15} 24. Bxf3 {4} 24... Qd8 {1} 25. Ng3 {28} 25... cxd4
{14} 26. cxd4 {2} 26... Nb5 {24} 27. Ne2 {10} 27... e6 {8} 28. Qf2 {2} 28...
Qb6 {6} 29. Kg2 {36} 29... Rd8 {1} 30. h4 {4} 30... Bf8 {4} 31. Rh1 {2} 31...
dxe5 {1} 32. dxe5 {4} 32... Bc5 {1} 33. Qg3 {2} 33... Be3 {6} 34. h5 {2} 34...
Bxc1 {3} 35. Rxc1 {6} 35... Ne3+ {1} 36. Kh3 {1} 36... Nd4 {1} 37. Be4 {2}
37... Nxe2 {3} 38. Qf2 {5} 38... Nxc1 {1} 39. hxg6 {4} 39... hxg6 {2} 40. f5 {0
} 40... exf5 {1} 41. gxf5 {1} 41... Re8 {6} 42. fxg6 {1} 42... fxg6 {1} 43. Qf5
{1} 43... gxf5 {1} 44. Bd5+ {4} 44... Kg7 {1} 45. e6 {1} 45... f4 {1} 46. e7 {1
} 46... Rh8# {(Lag: Av=0.65s, max=0.9s) 1} 0-1

[Event "Wertungspartie, 4m + 0s"]
[Site "Rochade Kuppenheim"]
[Date "2002.06.22"]
[Round "?"]
[White "Luke McShane"]
[Black "Sabahudin Hasecic"]
[Result "1-0"]
[WhiteElo "1856"]
[BlackElo "1344"]
[Annotator "www.Rochade-Kuppenheim.de"]
[PlyCount "67"]
[EventDate "2002.??.??"]

1. e4 {1} 1... e5 {3} 2. Nf3 {1} 2... Nc6 {2} 3. Bb5 {1} 3... Bc5 {3} 4. O-O {2
} 4... Nd4 {7} 5. Nxd4 {2} 5... Bxd4 {2} 6. c3 {2} 6... Bb6 {1} 7. d4 {2} 7...
c6 {1} 8. Ba4 {1} 8... d6 {3} 9. Na3 {1} 9... Nf6 {4} 10. Re1 {20} 10... Qe7 {4
} 11. Bg5 {15} 11... h6 {3} 12. Bxf6 {2} 12... Qxf6 {2} 13. Qd2 {8} 13... exd4
{6} 14. Nc4 {3} 14... Bc7 {6} 15. cxd4 {1} 15... b5 {3} 16. e5 {2} 16... Qg5 {
23} 17. exd6+ {14} 17... Be6 {2} 18. Qxg5 {8} 18... hxg5 {2} 19. dxc7 {1} 19...
bxa4 {8} 20. c8=Q+ {10} 20... Rxc8 {2} 21. Nd6+ {1} 21... Kd7 {2} 22. Nxc8 {1}
22... Rxc8 {1} 23. Re2 {5} 23... Rb8 {3} 24. Rd2 {3} 24... Rb4 {2} 25. a3 {2}
25... Rb3 {4} 26. Rc1 {2} 26... f6 {7} 27. Rc3 {2} 27... Rb5 {3} 28. f3 {2}
28... Kd6 {3} 29. Kf2 {1} 29... a5 {3} 30. Ke3 {1} 30... Rb8 {6} 31. Rc5 {2}
31... Rb5 {4} 32. Rxb5 {3} 32... cxb5 {1} 33. Rc2 {1} 33... b4 {20} 34. Rc5 {
Kuppenheim 12hB gibt auf (Lag: Av=0.64s, max=1.0s) 2} 1-0

[Event "Wertungspartie, 4m + 0s"]
[Site "Rochade Kuppenheim"]
[Date "2002.06.22"]
[Round "?"]
[White "Kuppenheim 12hB"]
[Black "Luke McShane"]
[Result "0-1"]
[WhiteElo "1342"]
[BlackElo "1858"]
[Annotator "www.Rochade-Kuppenheim.de"]
[PlyCount "76"]
[EventDate "2002.??.??"]

1. e4 {1} 1... c5 {1} 2. Nf3 {1} 2... Nc6 {1} 3. d3 {1} 3... g6 {1} 4. g3 {1}
4... Bg7 {0} 5. Bg2 {1} 5... d6 {0} 6. O-O {1} 6... Nf6 {0} 7. c3 {1} 7... O-O
{1} 8. Re1 {1} 8... Rb8 {3} 9. a4 {1} 9... a6 {1} 10. Na3 {1} 10... b5 {1} 11.
axb5 {1} 11... axb5 {1} 12. Bg5 {2} 12... Bg4 {14} 13. Qd2 {4} 13... Bxf3 {5}
14. Bxf3 {1} 14... Nd7 {3} 15. Bh6 {2} 15... Nde5 {11} 16. Bg2 {5} 16... Bxh6 {
2} 17. Qxh6 {3} 17... Nxd3 {1} 18. Re2 {6} 18... c4 {6} 19. e5 {21} 19... Ncxe5
{3} 20. Re4 {2} 20... Nd7 {19} 21. Rh4 {28} 21... Nf6 {1} 22. g4 {1} 22... Qb6
{30} 23. Rf1 {31} 23... Qc5 {3} 24. Nc2 {20} 24... g5 {24} 25. Rh3 {16} 25...
Nf4 {7} 26. Nd4 {20} 26... Nxh3+ {19} 27. Bxh3 {5} 27... Kh8 {9} 28. Nf5 {4}
28... Rg8 {1} 29. Nxe7 {1} 29... Rg6 {2} 30. Nxg6+ {2} 30... fxg6 {1} 31. Bg2 {
7} 31... Nxg4 {2} 32. Qh3 {2} 32... Ne5 {1} 33. Qe6 {3} 33... Rf8 {4} 34. Qe7 {
6} 34... Rf7 {3} 35. Qe8+ {3} 35... Kg7 {1} 36. Kh1 {6} 36... Nd3 {9} 37. Qe2 {
10} 37... Nxf2+ {2} 38. Rxf2 {7} 38... Qxf2 {
Kuppenheim 12hB gibt auf (Lag: Av=0.68s, max=1.1s) 2} 0-1

[Event "Wertungspartie, 4m + 0s"]
[Site "Rochade Kuppenheim"]
[Date "2002.06.22"]
[Round "?"]
[White "Luke McShane"]
[Black "Kuppenheim 12hB"]
[Result "1-0"]
[WhiteElo "1860"]
[BlackElo "1340"]
[Annotator "www.Rochade-Kuppenheim.de"]
[PlyCount "125"]
[EventDate "2002.??.??"]

1. e4 {3} 1... g6 {6} 2. d4 {2} 2... Bg7 {2} 3. Nf3 {1} 3... c6 {2} 4. h3 {7}
4... d6 {3} 5. Bd3 {3} 5... Nf6 {2} 6. O-O {2} 6... O-O {3} 7. c3 {2} 7... Nbd7
{7} 8. Re1 {3} 8... e5 {2} 9. Na3 {3} 9... Qe7 {8} 10. Nc2 {1} 10... h6 {10}
11. a4 {9} 11... a5 {3} 12. b3 {7} 12... c5 {8} 13. Be3 {9} 13... cxd4 {3} 14.
cxd4 {1} 14... exd4 {4} 15. Bxd4 {3} 15... Ne5 {3} 16. Bf1 {17} 16... Re8 {6}
17. Na3 {8} 17... Nxf3+ {4} 18. Qxf3 {2} 18... Nxe4 {1} 19. Bxg7 {1} 19... Kxg7
{1} 20. Bb5 {1} 20... d5 {24} 21. Bxe8 {2} 21... Qxe8 {1} 22. Qe3 {2} 22... Qc6
{8} 23. Rac1 {3} 23... Qf6 {3} 24. Nb5 {3} 24... Be6 {3} 25. Qd4 {4} 25... Rd8
{6} 26. f3 {3} 26... Nd6 {12} 27. Qxf6+ {2} 27... Kxf6 {1} 28. Nd4 {3} 28...
Nf5 {10} 29. Red1 {5} 29... Nxd4 {10} 30. Rxd4 {1} 30... Rd6 {1} 31. Kf2 {2}
31... Rb6 {2} 32. Rc3 {3} 32... Ke5 {2} 33. Ke3 {1} 33... g5 {4} 34. Rdd3 {7}
34... Rb4 {6} 35. Rc5 {13} 35... b6 {3} 36. Rb5 {2} 36... Rxb5 {1} 37. axb5 {1}
37... Bd7 {1} 38. Rc3 {4} 38... Bxb5 {3} 39. Rc7 {1} 39... d4+ {2} 40. Kf2 {2}
40... f5 {6} 41. Rb7 {2} 41... Bd3 {7} 42. Rxb6 {1} 42... Bc2 {3} 43. Rb5+ {2}
43... Ke6 {3} 44. Rxa5 {1} 44... Bxb3 {3} 45. Ra6+ {1} 45... Ke5 {1} 46. Rxh6 {
1} 46... f4 {1} 47. Rh5 {4} 47... Kf6 {3} 48. h4 {1} 48... gxh4 {2} 49. Rxh4 {1
} 49... Kg5 {5} 50. Rg4+ {1} 50... Kf5 {1} 51. Rg8 {3} 51... d3 {2} 52. Rd8 {1}
52... Bc4 {3} 53. Rd4 {2} 53... Ba6 {2} 54. Ra4 {5} 54... d2 {3} 55. Rd4 {1}
55... Bc4 {3} 56. Rxd2 {1} 56... Be6 {2} 57. Rc2 {1} 57... Ke5 {2} 58. Rc5+ {1}
58... Kf6 {2} 59. g4 {2} 59... fxg3+ {2} 60. Kxg3 {1} 60... Bb3 {1} 61. Kf4 {1}
61... Bd1 {1} 62. Rb5 {1} 62... Be2 {. 3} 63. Rb6+ {
Zeit (Lag: Av=0.62s, max=0.8s) 1} 1-0

[Event "Wertungspartie, 4m + 0s"]
[Site "Rochade Kuppenheim"]
[Date "2002.06.22"]
[Round "?"]
[White "Kuppenheim 12hB"]
[Black "Luke McShane"]
[Result "0-1"]
[WhiteElo "1338"]
[BlackElo "1862"]
[Annotator "www.Rochade-Kuppenheim.de"]
[PlyCount "66"]
[EventDate "2002.??.??"]

1. e3 {2} 1... e5 {3} 2. c4 {6} 2... Nf6 {2} 3. Nc3 {1} 3... Bb4 {3} 4. Nge2 {3
} 4... O-O {2} 5. Qc2 {3} 5... Re8 {2} 6. a3 {4} 6... Bf8 {1} 7. Ng3 {4} 7...
c6 {2} 8. Bd3 {6} 8... d5 {3} 9. Bf5 {12} 9... dxc4 {6} 10. Bxc8 {12} 10...
Qxc8 {2} 11. b3 {9} 11... cxb3 {3} 12. Qxb3 {1} 12... Na6 {2} 13. O-O {7} 13...
Nc5 {1} 14. Qc4 {2} 14... Qe6 {2} 15. Qh4 {5} 15... Nd3 {4} 16. Rb1 {4} 16...
b5 {1} 17. Nce4 {9} 17... Nxe4 {9} 18. Qxe4 {1} 18... Rad8 {4} 19. a4 {10}
19... b4 {10} 20. a5 {6} 20... c5 {5} 21. h3 {6} 21... c4 {2} 22. Qb7 {13}
22... Rd7 {4} 23. Qb5 {1} 23... a6 {7} 24. Qa4 {1} 24... Rc8 {10} 25. Ne4 {3}
25... Qc6 {4} 26. Qxc6 {4} 26... Rxc6 {1} 27. Rd1 {8} 27... f5 {3} 28. Ng5 {2}
28... Rd5 {3} 29. e4 {2} 29... fxe4 {1} 30. Nxe4 {1} 30... Rxa5 {2} 31. g4 {1}
31... Rb5 {1} 32. Kg2 {2} 32... a5 {1} 33. Ra1 {2} 33... b3 {
Kuppenheim 12hB gibt auf (Lag: Av=0.63s, max=1.0s) 4} 0-1

[Event "Wertungspartie, 4m + 0s"]
[Site "Rochade Kuppenheim"]
[Date "2002.06.22"]
[Round "?"]
[White "Luke McShane"]
[Black "Kuppenheim 12hB"]
[Result "1-0"]
[WhiteElo "1864"]
[BlackElo "1336"]
[Annotator "www.Rochade-Kuppenheim.de"]
[PlyCount "75"]
[EventDate "2002.??.??"]

1. e4 {1} 1... Nf6 {3} 2. e5 {1} 2... Nd5 {1} 3. d4 {1} 3... d6 {2} 4. Nf3 {1}
4... dxe5 {2} 5. Nxe5 {3} 5... g6 {2} 6. Bc4 {4} 6... c6 {1} 7. O-O {2} 7...
Bg7 {2} 8. Nd2 {2} 8... O-O {2} 9. Ndf3 {4} 9... Nd7 {6} 10. Re1 {2} 10... Nxe5
{6} 11. Nxe5 {1} 11... Be6 {5} 12. a4 {8} 12... Bxe5 {49} 13. Rxe5 {12} 13...
Nc3 {9} 14. Qd3 {12} 14... Bxc4 {6} 15. Qxc3 {6} 15... Bd5 {7} 16. Bh6 {9}
16... Re8 {5} 17. Rae1 {1} 17... f6 {8} 18. R5e3 {1} 18... Qd7 {10} 19. Qb4 {7}
19... a5 {9} 20. Qc5 {15} 20... Kf7 {17} 21. Bf4 {26} 21... b5 {2} 22. Bg3 {16}
22... Qa7 {14} 23. Qa3 {11} 23... b4 {10} 24. Qd3 {2} 24... Qd7 {6} 25. c4 {8}
25... bxc3 {2} 26. bxc3 {1} 26... c5 {15} 27. c4 {8} 27... cxd4 {6} 28. Qxd4 {5
} 28... Bc6 {1} 29. Qh4 {4} 29... Kg8 {4} 30. h3 {4} 30... Bxa4 {4} 31. c5 {2}
31... Bc6 {2} 32. Kh2 {5} 32... Qd5 {3} 33. f3 {2} 33... Ra7 {
Kuppenheim 12hB bietet Remis 2} 34. Qg4 {. 18} 34... a4 {2} 35. Ra3 {6} 35...
Qxc5 {5} 36. Rea1 {3} 36... Qf5 {5} 37. Qd4 {1} 37... Rd7 {4} 38. Qb6 {
Zeit . (Lag: Av=0.66s, max=1.0s) 1} 1-0

[Event "Wertungspartie, 4m + 0s"]
[Site "Rochade Kuppenheim"]
[Date "2002.06.22"]
[Round "?"]
[White "Kuppenheim 12hB"]
[Black "Luke McShane"]
[Result "0-1"]
[WhiteElo "1334"]
[BlackElo "1866"]
[Annotator "www.Rochade-Kuppenheim.de"]
[PlyCount "122"]
[EventDate "2002.??.??"]

1. e4 {1} 1... c5 {1} 2. Nf3 {2} 2... Nc6 {1} 3. d4 {1} 3... cxd4 {1} 4. Nxd4 {
2} 4... Nf6 {1} 5. Nc3 {2} 5... e5 {1} 6. Ndb5 {1} 6... d6 {0} 7. Nd5 {3} 7...
Nxd5 {2} 8. exd5 {1} 8... Nb8 {1} 9. c4 {1} 9... Be7 {1} 10. Qa4 {2} 10... Nd7
{16} 11. Qa3 {6} 11... O-O {7} 12. Be3 {8} 12... b6 {22} 13. Be2 {9} 13... a6 {
12} 14. O-O {3} 14... Nc5 {27} 15. b4 {9} 15... Ne4 {3} 16. Rac1 {8} 16... f5 {
3} 17. Nc3 {5} 17... Nxc3 {3} 18. Rxc3 {4} 18... f4 {2} 19. Bd2 {2} 19... Bf5 {
3} 20. f3 {4} 20... Qe8 {3} 21. Bd3 {17} 21... Qh5 {7} 22. Bxf5 {2} 22... Rxf5
{2} 23. Qb3 {8} 23... Rb8 {4} 24. Qc2 {4} 24... Rf6 {3} 25. Be1 {6} 25... Rh6 {
1} 26. h3 {2} 26... Rg6 {2} 27. Kh1 {2} 27... Bh4 {3} 28. Bxh4 {4} 28... Qxh4 {
1} 29. Qf2 {3} 29... Qf6 {6} 30. Rfc1 {5} 30... h6 {13} 31. Qe2 {4} 31... Rd8 {
8} 32. Rd1 {3} 32... Rg3 {4} 33. c5 {6} 33... e4 {2} 34. c6 {4} 34... Qxc3 {2}
35. Qxe4 {6} 35... Rg5 {9} 36. Qxf4 {6} 36... Re5 {3} 37. Qg3 {6} 37... Rde8 {2
} 38. Kh2 {5} 38... Qc2 {2} 39. Rf1 {3} 39... Rg5 {2} 40. Qf2 {2} 40... Qxf2 {1
} 41. Rxf2 {1} 41... Rxd5 {0} 42. Rc2 {1} 42... Rc8 {0} 43. a4 {2} 43... b5 {1}
44. axb5 {2} 44... Rxb5 {1} 45. Rc4 {4} 45... Rb6 {1} 46. Rd4 {1} 46... Rbxc6 {
1} 47. Kg3 {1} 47... Rb8 {1} 48. Kf2 {2} 48... Rb5 {0} 49. Kg3 {1} 49... Rcb6 {
0} 50. Re4 {3} 50... Rxb4 {1} 51. Re7 {1} 51... Kh7 {1} 52. Re6 {1} 52... a5 {1
} 53. Re7 {1} 53... Ra6 {1} 54. Re3 {2} 54... a4 {1} 55. Ra3 {1} 55... Rb3 {1}
56. Ra2 {1} 56... a3 {0} 57. Kf4 {3} 57... Rb2 {1} 58. Ra1 {2} 58... Rxg2 {1}
59. Ke4 {2} 59... a2 {1} 60. Kd5 {1} 60... Rb2 {1} 61. Ke6 {1} 61... Rb1 {
Kuppenheim 12hB gibt auf (Lag: Av=0.63s, max=0.9s) 1} 0-1

[Event "Wertungspartie, 4m + 0s"]
[Site "Rochade Kuppenheim"]
[Date "2002.06.22"]
[Round "?"]
[White "Luke McShane"]
[Black "Kuppenheim 12hB"]
[Result "1-0"]
[WhiteElo "1867"]
[BlackElo "1333"]
[Annotator "www.Rochade-Kuppenheim.de"]
[PlyCount "145"]
[EventDate "2002.??.??"]

1. e4 {2} 1... e5 {2} 2. Nf3 {2} 2... f5 {2} 3. d4 {8} 3... fxe4 {2} 4. Nxe5 {1
} 4... Nf6 {0} 5. Nc3 {10} 5... d6 {1} 6. Nc4 {1} 6... Be7 {2} 7. Be2 {3} 7...
O-O {1} 8. O-O {1} 8... c6 {7} 9. Bg5 {13} 9... d5 {2} 10. Ne5 {1} 10... Nbd7 {
1} 11. Nxd7 {12} 11... Nxd7 {7} 12. Bxe7 {2} 12... Qxe7 {2} 13. Qd2 {7} 13...
Nf6 {3} 14. Nd1 {2} 14... Bf5 {2} 15. Ne3 {1} 15... Bg6 {1} 16. c4 {1} 16...
Rad8 {7} 17. Rac1 {1} 17... h6 {3} 18. cxd5 {2} 18... Nxd5 {3} 19. Bc4 {4}
19... Bf7 {2} 20. Bxd5 {3} 20... Bxd5 {2} 21. Rc3 {10} 21... Rf6 {11} 22. b3 {
13} 22... Qe6 {4} 23. Qe2 {3} 23... Rdf8 {2} 24. Qg4 {3} 24... Qxg4 {12} 25.
Nxg4 {1} 25... Rd6 {2} 26. Ne3 {1} 26... Rfd8 {3} 27. Rd1 {
Kuppenheim 12hB bietet Remis 5} 27... Be6 {10} 28. Nc2 {2} 28... Bf5 {5} 29.
Rd2 {6} 29... Re8 {4} 30. Kf1 {2} 30... Bg6 {2} 31. Ke1 {2} 31... Bf7 {1} 32.
Rc5 {3} 32... Bd5 {1} 33. Ne3 {1} 33... Red8 {2} 34. Rc1 {4} 34... Bf7 {2} 35.
Rcd1 {1} 35... Bh5 {3} 36. g4 {3} 36... Bf7 {2} 37. Ke2 {1} 37... Bd5 {1} 38.
h4 {2} 38... Rf8 {3} 39. Ke1 {3} 39... Rf3 {5} 40. h5 {3} 40... Rh3 {2} 41. Kf1
{4} 41... Rh1+ {3} 42. Kg2 {1} 42... Rxd1 {1} 43. Rxd1 {0} 43... Be6 {1} 44.
Kg3 {1} 44... Rd8 {6} 45. Kf4 {1} 45... Rf8+ {1} 46. Ke5 {1} 46... Rxf2 {1} 47.
Kxe6 {1} 47... Rxa2 {2} 48. Ke5 {2} 48... Rb2 {2} 49. Kxe4 {2} 49... Rxb3 {1}
50. Nf5 {1} 50... a5 {3} 51. Ra1 {2} 51... b6 {3} 52. Rc1 {1} 52... a4 {4} 53.
Rxc6 {1} 53... a3 {1} 54. Rc7 {1} 54... b5 {2} 55. Rxg7+ {1} 55... Kf8 {2} 56.
Ra7 {3} 56... b4 {1} 57. d5 {3} 57... Rb2 {2} 58. d6 {1} 58... a2 {2} 59. d7 {1
} 59... Rd2 {1} 60. Rxa2 {2} 60... Rxd7 {2} 61. Rb2 {1} 61... Rb7 {1} 62. Nxh6
{1} 62... Kg7 {2} 63. Nf5+ {1} 63... Kf6 {1} 64. Kf4 {1} 64... b3 {2} 65. g5+ {
1} 65... Ke6 {1} 66. Rxb3 {1} 66... Ra7 {2} 67. Re3+ {1} 67... Kf7 {1} 68. h6 {
3} 68... Kg6 {2} 69. Nh4+ {2} 69... Kh7 {1} 70. Kg4 {2} 70... Ra4+ {2} 71. Kh5
{1} 71... Ra8 {1} 72. Re7+ {1} 72... Kh8 {1} 73. Ng6+ {
Kuppenheim 12hB gibt auf (Lag: Av=0.64s, max=1.0s) 1} 1-0

[Event "Wertungspartie, 4m + 0s"]
[Site "Rochade Kuppenheim"]
[Date "2002.06.22"]
[Round "?"]
[White "Kuppenheim 12hB"]
[Black "Luke McShane"]
[Result "0-1"]
[WhiteElo "1331"]
[BlackElo "1869"]
[Annotator "www.Rochade-Kuppenheim.de"]
[PlyCount "74"]
[EventDate "2002.??.??"]

1. d4 {1} 1... Nf6 {2} 2. c4 {2} 2... c6 {4} 3. Nc3 {2} 3... d5 {1} 4. e3 {1}
4... a6 {7} 5. Nf3 {2} 5... b5 {3} 6. cxd5 {10} 6... cxd5 {1} 7. a4 {4} 7... b4
{3} 8. Nb1 {1} 8... Bf5 {6} 9. Bd3 {3} 9... Bxd3 {3} 10. Qxd3 {2} 10... e6 {1}
11. O-O {2} 11... Nbd7 {7} 12. b3 {3} 12... Bd6 {2} 13. Bb2 {1} 13... O-O {2}
14. Nbd2 {1} 14... Qb6 {11} 15. Rfc1 {2} 15... Qb7 {2} 16. Rc2 {6} 16... Rfc8 {
5} 17. Rac1 {1} 17... h6 {5} 18. Rxc8+ {16} 18... Rxc8 {2} 19. Qb1 {3} 19...
Rxc1+ {16} 20. Qxc1 {2} 20... Ne4 {1} 21. Nxe4 {5} 21... dxe4 {1} 22. Nd2 {1}
22... f5 {5} 23. Nc4 {2} 23... Bc7 {3} 24. Qd2 {6} 24... Nf6 {3} 25. Bc1 {16}
25... Kh7 {7} 26. Qc2 {4} 26... Qb8 {7} 27. h3 {1} 27... Qb7 {3} 28. Bd2 {4}
28... Bb8 {3} 29. Ne5 {24} 29... Bxe5 {1} 30. dxe5 {1} 30... Nd5 {1} 31. Qc4 {6
} 31... a5 {10} 32. Qc5 {10} 32... Qa6 {8} 33. Qc2 {16} 33... Qe2 {2} 34. Qc1 {
3} 34... Qd3 {4} 35. Qe1 {7} 35... Qxb3 {1} 36. Qc1 {9} 36... Nc3 {2} 37. Bxc3
{8} 37... bxc3 {Kuppenheim 12hB gibt auf (Lag: Av=0.63s, max=1.0s) 2} 0-1

[Event "Wertungspartie, 4m + 0s"]
[Site "Rochade Kuppenheim"]
[Date "2002.06.22"]
[Round "?"]
[White "Luke McShane"]
[Black "Kuppenheim 12hB"]
[Result "1-0"]
[WhiteElo "1871"]
[BlackElo "1329"]
[Annotator "www.Rochade-Kuppenheim.de"]
[PlyCount "67"]
[EventDate "2002.??.??"]

1. e4 {1} 1... g6 {2} 2. d4 {1} 2... Bg7 {1} 3. Nf3 {0} 3... c6 {2} 4. Nc3 {6}
4... d5 {2} 5. h3 {1} 5... Nf6 {2} 6. Bd3 {1} 6... dxe4 {2} 7. Nxe4 {2} 7...
Nxe4 {2} 8. Bxe4 {1} 8... O-O {2} 9. O-O {1} 9... Nd7 {3} 10. Bg5 {7} 10... Re8
{8} 11. Qd2 {5} 11... Qc7 {4} 12. Bh6 {19} 12... Bh8 {7} 13. Rfe1 {6} 13... c5
{13} 14. c3 {21} 14... cxd4 {6} 15. Nxd4 {4} 15... Nc5 {5} 16. Bf3 {4} 16... a6
{3} 17. b4 {5} 17... Ne6 {8} 18. Rac1 {21} 18... Qb6 {10} 19. Nb3 {11} 19...
Rd8 {9} 20. Qe2 {3} 20... Bd7 {3} 21. Be3 {2} 21... Qc7 {3} 22. c4 {2} 22...
Bf6 {7} 23. Bd5 {9} 23... Rab8 {9} 24. Qf3 {5} 24... Bc6 {16} 25. Qg4 {4} 25...
Qd7 {19} 26. Bb6 {6} 26... Bxd5 {31} 27. cxd5 {3} 27... Nc7 {2} 28. Qxd7 {5}
28... Rxd7 {2} 29. Bxc7 {2} 29... Rc8 {4} 30. Bf4 {3} 30... Rxc1 {5} 31. Rxc1 {
2} 31... Rxd5 {4} 32. Bh6 {3} 32... Rd8 {9} 33. g4 {3} 33... Be5 {22} 34. Na5 {
Kuppenheim 12hB gibt auf (Lag: Av=0.44s, max=0.8s) 4} 1-0

[Event "Wertungspartie, 4m + 0s"]
[Site "Rochade Kuppenheim"]
[Date "2002.06.22"]
[Round "?"]
[White "Michael Kuraszkiewicz"]
[Black "Luke McShane"]
[Result "1/2-1/2"]
[WhiteElo "1327"]
[BlackElo "1873"]
[Annotator "www.Rochade-Kuppenheim.de"]
[PlyCount "76"]
[EventDate "2002.??.??"]

1. d4 {2} 1... d5 {7} 2. c4 {1} 2... c6 {1} 3. Nc3 {2} 3... Nf6 {1} 4. Nf3 {1}
4... dxc4 {1} 5. e4 {1} 5... b5 {3} 6. e5 {1} 6... Nd5 {1} 7. a4 {1} 7... Nxc3
{3} 8. bxc3 {1} 8... e6 {3} 9. axb5 {1} 9... cxb5 {1} 10. Ng5 {1} 10... Bb7 {17
} 11. Qh5 {1} 11... g6 {2} 12. Qg4 {1} 12... Be7 {14} 13. h4 {1} 13... h6 {4}
14. Ne4 {7} 14... Nd7 {21} 15. Ba3 {28} 15... h5 {7} 16. Qf4 {3} 16... Bxe4 {10
} 17. Bxe7 {5} 17... Qxe7 {2} 18. Qxe4 {1} 18... Nb6 {2} 19. Qc6+ {6} 19... Kf8
{5} 20. Qxb5 {6} 20... Kg7 {5} 21. Be2 {2} 21... Rhb8 {4} 22. Qa5 {2} 22... Nd5
{9} 23. O-O {12} 23... Qxh4 {6} 24. Bf3 {4} 24... Rd8 {
Kuppenheim 12hB bietet Remis 1} 25. Bxd5 {13} 25... Rxd5 {2} 26. Qc7 {3} 26...
a5 {4} 27. Rfb1 {4} 27... a4 {2} 28. Rb7 {3} 28... Qf4 {2} 29. Ra7 {4} 29...
Rxa7 {5} 30. Qxa7 {1} 30... Qd2 {2} 31. Qe7 {31} 31... Qxc3 {17} 32. Qf6+ {2}
32... Kg8 {4} 33. Rxa4 {1} 33... Ra5 {25} 34. Qd8+ {4} 34... Kg7 {8} 35. Qxa5 {
12} 35... Qc1+ {1} 36. Kh2 {1} 36... Qf4+ {1} 37. Kg1 {6} 37... Qc1+ {1} 38.
Kh2 {Luke McShane offers a draw 1} 38... Qf4+ {(Lag: Av=0.44s, max=0.9s) 1}
1/2-1/2